Revize výdajů jako nástroj moderního řízení veřejných financí

V prostredí rastúcich fiškálnych tlakov, demografických zmien a zvyšujúcich sa nárokov na verejné rozpočty sa otázka efektívneho riadenia verejných financií stáva jednou z kľúčových tém hospodárskej politiky. Česká republika sa v posledných rokoch stretáva s vysokými štrukturálnymi deficitmi, starnu...

Descrizione completa

Salvato in:
Dettagli Bibliografici
Natura: Capitolo di libro
Lingua:ceco
Soggetti:
Tags: Aggiungi Tag
Nessun Tag, puoi essere il primo ad aggiungerne!!

MARC

LEADER 00000naa a2200000 4500
001 0315509
005 20260323090551.6
041 0 |a cze 
044 |a CZ 
245 1 0 |a Revize výdajů jako nástroj moderního řízení veřejných financí 
520 |a V prostredí rastúcich fiškálnych tlakov, demografických zmien a zvyšujúcich sa nárokov na verejné rozpočty sa otázka efektívneho riadenia verejných financií stáva jednou z kľúčových tém hospodárskej politiky. Česká republika sa v posledných rokoch stretáva s vysokými štrukturálnymi deficitmi, starnutím populácie, rastúcimi výdavkami na obranu a nákladmi spojenými s energetickou transformáciou. V tomto kontexte nadobúdajú na význame systematické nástroje, ktoré umožňujú identifikovať neefektívne či neúčelné výdavky a zároveň zachovať kvalitu verejných služieb. 
610 2 0 |a financie verejné 
610 2 0 |a riadenie 
610 2 0 |a výdavky 
610 2 0 |a rozpočty verejné 
610 2 0 |a politika hospodárska 
610 2 0 |a efektívnosť 
610 2 0 |a Česko